| 000 | 00524nam a2200193Ia 4500 | ||
|---|---|---|---|
| 003 | GCL | ||
| 008 | 140319s9999 xx 000 0 ara d | ||
| 040 |
_aGCL / _cGCL |
||
| 082 | 0 | 4 |
_a301.242 _bف ث |
| 100 | 1 | _aفوزى فهمى | |
| 245 | 1 | 0 |
_aالثقافة والتجدد / _cفوزى فهمى |
| 300 | _a78 ص | ||
| 490 |
_aمكتبة الاسرة _v0 |
||
| 650 | 0 | 4 | _aالحضارة |
| 650 | 0 | 4 | _aالثقافة |
| 650 | 0 | 4 | _aالوعى الاجتماعى |
| 650 | 0 | 4 | _aالاجتماع، علم |
| 942 |
_2ddc _cBK |
||
| 999 |
_c50187 _d50187 |
||